LEADER 02701oam 2200577I 450 001 9910797808203321 005 20181122172232.0 010 $a0-429-91275-7 010 $a0-429-89852-5 010 $a0-429-47375-3 010 $a1-78241-496-7 035 $a(CKB)3710000000531410 035 $a(MiAaPQ)EBC4332511 035 $a(Au-PeEL)EBL4332511 035 $a(CaPaEBR)ebr11153536 035 $a(CaONFJC)MIL878124 035 $a(OCoLC)940436700 035 $a(OCoLC)944380043 035 $a(FlBoTFG)9780429473753 035 $a(OCoLC)1241985657 035 $a(FINmELB)ELB140684 035 $a(EXLCZ)993710000000531410 100 $a20181122h20182015 uy 0 101 0 $aeng 135 $aur||| ||||| 181 $ctxt$2rdacontent 182 $cc$2rdamedia 183 $acr$2rdacarrier 200 10$aDignity Matters $ePsychoanalytic and Psychosocial Perspectives /$fby Susan S. Levine 205 $aFirst edition. 210 1$aBoca Raton, FL :$cRoutledge,$d[2018]. 210 4$dİ2015. 215 $a1 online resource (231 pages) 300 $aIncludes index. 311 $a0-367-10318-4 311 $a1-78220-215-3 320 $aIncludes bibliographical references and index. 330 3 $aThis book explores an ethical value central to all mental health professions. Although "dignity" appears near the beginning of many codes of ethics, it has been largely unexamined in the professional literature. Potter Stewart famously declared about pornography that we can't define it but we know it when we see it. Likewise with dignity. This book addresses that gap. The book considers the role of dignity as an ethical dimension of practice: in individual psychotherapeutic and psychoanalytic work; in the therapeutic community; and in groups, organizations and nations. It outlines dignity in individual development and families, the role of dignity violations in the understanding and treatment of trauma, and how dignity and its violations can be a powerful force in conflict resolution. The book will also address dignity in relations to specific populations, with chapters on the African-American and the LGBT experiences. Listening, with the question of dignity in mind, offers a fresh non-pathologizing framework for the practitioner. 606 $aPsychology$xData processing 606 $aPsychology$xResearch 608 $aElectronic books. 615 0$aPsychology$xData processing. 615 0$aPsychology$xResearch. 676 $a150.2854 700 $aS. Levine$b Susan$01558538 801 0$bFlBoTFG 801 1$bFlBoTFG 906 $aBOOK 912 $a9910797808203321 996 $aDignity Matters$93823040 997 $aUNINA LEADER 02162nam 2200481z- 450 001 9910557888503321 005 20251116142034.0 035 $a(CKB)5400000000048014 035 $a(oapen)https://directory.doabooks.org/handle/20.500.12854/79917 035 $a(EXLCZ)995400000000048014 100 $a20202204d2013 |y 0 101 0 $aeng 135 $aurmn|---annan 181 $ctxt$2rdacontent 182 $cc$2rdamedia 183 $acr$2rdacarrier 200 10$a2Bparks MAINSTREAM 210 $aLjubljana$cZRC SAZU, Zalo?ba ZRC$d2013 215 $a1 electronic resource (136 p.) 311 08$a961-254-444-1 311 08$a961-254-606-1 330 $aKnjiga 2Bparks MAINSTREAM je zaklju?na publikacija mednarodnega projekta Creative Sustainable Management, Territorial Compatible Marketing and Environmental Education to be Parks (2Bparks), ki je trajal od 1. 7. 2010 do 30. 6. 2013. Projekt je z vklju?evanjem okoljskih vsebin v procese odlo?anja, razvojem trajnostnega turizma in ozave??anjem prispeval k trajnostni rabi naravnih virov ter h krepitvi povezav med dru?bami, gospodarstvi in zavarovanimi obmo?ji.V publikaciji so predstavljeni glavni rezultati projekta, s posebnim poudarkom na njegovi nadnacionalni razse?nosti, podana pa so tudi priporo?ila za trajnostno upravljanje in na?rtovanje zavarovanih obmo?ij v prihodnje.Projekt 2Bparks je bil sofinanciran iz Evropskega sklada za regionalni razvoj v okviru programa MEDITERAN. 606 $aSociology: sport & leisure$2bicssc 606 $aNatural disasters$2bicssc 610 $aeducation 610 $amanagement 610 $aprotected areas 610 $asustainable development 610 $atourism 610 $aizobra?evanje 610 $atrajnostni razvoj 610 $aturizem 610 $aupravljanje 610 $aza??itena obmo?ja 610 $azavarovana obmo?ja 615 7$aSociology: sport & leisure 615 7$aNatural disasters 700 $aSmrekar$b Ales?$4auth$01246430 702 $aTiran$b Jernej$4auth 906 $aBOOK 912 $a9910557888503321 996 $a2Bparks MAINSTREAM$93012521 997 $aUNINA